Essentials Of Negotiation, (Record no. 5102)

MARC details
005 - DATE AND TIME OF LATEST TRANSACTION
control field 20250625142535.0
020 ## - INTERNATIONAL STANDARD BOOK NUMBER
International Standard Book Number 13-978-0-07-254582-1
082 ## - DEWEY DECIMAL CLASSIFICATION NUMBER
Classification number 658.4'052 LEW
100 ## - MAIN ENTRY--PERSONAL NAME
Author name Essentials Of Negotiation
245 ## - TITLE STATEMENT
Title Essentials Of Negotiation,
250 ## - EDITION STATEMENT
Edition statement 3rd Ed.
260 ## - PUBLICATION, DISTRIBUTION, ETC.
Place of publication, distribution, etc. New York,
Name of publisher, distributor, etc. Mc Graw Hill Irwin,
Date of publication, distribution, etc. 2004.
300 ## - PHYSICAL DESCRIPTION
Extent xiv.; 274p.; ill.; picture
Other physical details Index
Dimensions 23cm.
700 ## - ADDED ENTRY--PERSONAL NAME
Other authors/Editors Saunders, D. M.; LEWICK. R. J.; BARRY, B.; MINTON, W. J.
942 ## - ADDED ENTRY ELEMENTS (KOHA)
Source of classification or shelving scheme Dewey Decimal Classification
Koha item type Books
Holdings
Date last seen Total checkouts Full call number Barcode Cost, replacement price Price effective from Koha item type Lost status Source of classification or shelving scheme Damaged status Not for loan Withdrawn status Home library Current library Shelving location Date acquired Cost, normal purchase price
06/25/2025   658.4'052LEW DOM0003572 15000.00 06/25/2025 Books   Dewey Decimal Classification       CBE Dodoma CBE Dodoma Special Reserve Collection 05/12/2008 5000.00